Welcome to CU Library Online Public Access Catalogue (OPAC)

The Dynamic Nurse-Patient Relationship (Record no. 7964)

MARC details
000 -LEADER
fixed length control field 00438nam a22001457a 4500
005 - DATE AND TIME OF LATEST TRANSACTION
control field 20251103111730.0
008 - FIXED-LENGTH DATA ELEMENTS--GENERAL INFORMATION
fixed length control field 251030b |||||||| |||| 00| 0 eng d
020 ## - INTERNATIONAL STANDARD BOOK NUMBER
International Standard Book Number 6112741
050 ## - LIBRARY OF CONGRESS CALL NUMBER
Classification number RT86
Item number .O7
100 ## - MAIN ENTRY--PERSONAL NAME
Personal name Orlando, Ida Jean
245 ## - TITLE STATEMENT
Title The Dynamic Nurse-Patient Relationship
Remainder of title function, process and principles
Statement of responsibility, etc. Ida Jean Orlando
260 ## - PUBLICATION, DISTRIBUTION, ETC.
Place of publication, distribution, etc. New York
Name of publisher, distributor, etc. G. P. Putnam's Sons
Date of publication, distribution, etc. 1961
300 ## - PHYSICAL DESCRIPTION
Extent xi. 91p.
Dimensions 21.5cm
942 ## - ADDED ENTRY ELEMENTS (KOHA)
Source of classification or shelving scheme Library of Congress Classification
Koha item type Books
Suppress in OPAC No
999 ## -
-- 7964
-- 7964
Holdings
Withdrawn status Lost status Source of classification or shelving scheme Damaged status Not for loan Collection Home library Current library Shelving location Date acquired Total checkouts Full call number Barcode Date last seen Copy number Price effective from Koha item type
    Library of Congress Classification     Non-fiction Science Library (Miotso) Science Library (Miotso) General stacks 10/30/2025   RT86 .O7 ORL SLM00005065 10/30/2025 1 10/30/2025 Books
    Library of Congress Classification     Non-fiction Science Library (Miotso) Science Library (Miotso) General stacks 11/03/2025   RT86 .O7 ORL SLM00005071 11/03/2025 2 11/03/2025 Books
    Library of Congress Classification     Non-fiction Science Library (Miotso) Science Library (Miotso) General stacks 11/03/2025   RT86 .O7 ORL SLM00005073 11/03/2025 3 11/03/2025 Books
    Library of Congress Classification     Non-fiction Science Library (Miotso) Science Library (Miotso) General stacks 11/03/2025   RT86 .O7 ORL SLM00005074 11/03/2025 4 11/03/2025 Books
© 2023-2024 Copyright: Central University Libraries. All Rights Reserved | Created by: Mahone Tech Office